[Event "SIO (Reserve)"]
[Site "Twin Falls, ID"]
[Date "2010.11.13"]
[Round "3.5"]
[White "Simonson, Jay L"]
[Black "Porth, Desmond"]
[Result "0-1"]
[WhiteElo "657"]
[BlackElo "669"]

1. d4 d5 2. Nc3 Nf6 3. Nf3 Nc6 4. Bf4 a6 5. e3 Bf5 6. Be2 e6 7. O-O Be7 8. Ne5
Nb4 9. Bd3 Nxd3 10. cxd3 O-O 11. Qb3 b5 12. Nc6 Qd7 13. Ne5 Qc8 14. f3 Bd6 15.
e4 dxe4 16. dxe4 Bg6 17. Nc6 Qb7 18. e5 Qxc6 19. exd6 cxd6 20. Rac1 Qc4 21.
Qxc4 bxc4 22. Bxd6 Rfd8 23. Be5 Nd5 24. Na4 Ne3 25. Rfe1 Nc2 26. Red1 f6 27.
Bc7 Rxd4 28. Rxd4 Nxd4 29. Rxc4 e5 30. Nb6 Ra7 31. Nd5 Bd3 32. Rb4 Ne6 33.
Ne7+ Kf7 34. Bd6 Rd7 35. Rb6 a5 36. a3 g5 37. b4 axb4 38. axb4 Nd4 39. Bc5
Ne2+ 40. Kf2 Nc3 41. Rb8 Nd5 42. Nxd5 Rxd5 43. Rb7+ Kg6 44. Be3 e4 45. f4 Rf5
46. b5 Bxb5 47. Kg3 h6 48. Rb6 gxf4+ 49. Bxf4 h5 50. Re6 Bd3 51. Be3 Re5 52.
Rxe5 fxe5 53. Kh4 Be2 54. g4 hxg4 55. Kg3 Kf5 56. Bd2 Ke6 57. Kf2 Bf3 58. Kg3
Kd5 59. Kf2 Kd4 60. Be3+ Kd3 61. Bf4 exf4 62. Ke1 e3 63. Kf1 e2+ 64. Ke1 Bd5
65. h3 gxh3 66. Kf2 Kd2 67. Kg1 e1=Q+ {#R} 0-1

[Event "SIO (Reserve)"]
[Site "Twin Falls, ID"]
[Date "2010.11.13"]
[Round "4.3"]
[White "Porth, Desmond"]
[Black "Patterson, Kevin R"]
[Result "0-1"]
[WhiteElo "669"]
[BlackElo "1243"]

1. d4 c6 2. e3 d5 3. Bd3 Nf6 4. Nf3 Nfd7 5. Nbd2 e6 6. Qe2 c5 7. b3 cxd4 8.
exd4 Qc7 9. Bb2 Bd6 10. Ne5 Nf6 11. O-O Bxe5 12. dxe5 Nfd7 13. Nf3 Nc5 14.
Bb5+ Bd7 15. Ng5 h6 16. Nf3 a6 17. Bxd7+ Qxd7 18. Nd4 Qc7 19. Ba3 Nbd7 20. c4
dxc4 21. bxc4 Nxe5 22. Nb3 Ned7 23. Qe3 b6 24. Qd4 O-O 25. Bb2 Nf6 26. Rae1
Rad8 27. Qe5 Qxe5 28. Bxe5 Nd3 29. Re3 Nxe5 30. Rxe5 Rd7 31. c5 bxc5 32. Nxc5
Rd2 33. Ra1 Nd7 34. Nxd7 Rxd7 35. a4 Rfd8 36. Ree1 Rd2 37. g4 Rc8 38. h4 Rd4
39. f3 Rcc4 40. a5 Ra4 41. Rxa4 Rxa4 42. g5 Rxh4 43. Re4 Rxe4 44. fxe4 hxg5
45. Kg2 Kf8 46. Kf3 Ke7 47. e5 f6 48. exf6+ gxf6 49. Kg4 Kd6 50. Kh5 e5 51.
Kg6 e4 52. Kf5 Kd5 53. Kg4 Kd4 54. Kg3 Kd3 55. Kf2 Kd2 56. Kf1 e3 {#R} 0-1

[Event "Idaho Closed"]
[Site "Twin Falls, ID"]
[Date "2011.02.19"]
[Round "1.12"]
[White "Porth, Dylan"]
[Black "Eacker, Barry D"]
[Result "0-1"]
[WhiteElo "592"]
[BlackElo "1609"]

1. e4 e6 2. d3 d5 3. Nc3 Bb4 4. Bd2 Nf6 5. a3 Be7 6. Nf3 dxe4 7. dxe4 b6 8.
Qe2 Bb7 9. O-O-O Nc6 10. Nb5 Qc8 11. Bf4 Bd8 12. Ng5 e5 13. Be3 a6 14. Nc3 h6
15. Nf3 Be7 16. Nd5 Bd6 17. Nxf6+ gxf6 18. g3 Qe6 19. b3 Bxa3+ 20. Kb1 Nb4 21.
c3 Qxb3+ 22. Ka1 Nc2+ 23. Qxc2 Qxc2 24. Rd2 Qxc3+ 25. Ka2 Bxe4 26. Ne1 Ke7 27.
Rg1 Rhd8 28. Rxd8 Qb2# 0-1

[Event "Idaho Closed"]
[Site "Twin Falls, ID"]
[Date "2011.02.19"]
[Round "2.12"]
[White "Porth, Desmond"]
[Black "Patterson, Kevin R"]
[Result "0-1"]
[WhiteElo "714"]
[BlackElo "1247"]

1. d4 e6 2. e3 d5 3. Bd3 c5 4. b3 cxd4 5. exd4 Nc6 6. Nf3 Be7 7. Nbd2 Nf6 8.
Bb2 a6 9. Qe2 O-O 10. O-O Bd6 11. Ne5 Nb4 12. c4 Nxd3 13. Qxd3 Be7 14. Ndf3
Nd7 15. Bc1 f6 16. Nxd7 Qxd7 17. Bf4 Bd6 18. Qe3 Bxf4 19. Qxf4 dxc4 20. bxc4
b5 21. Rac1 Bb7 22. Rfd1 bxc4 23. Rxc4 Rac8 24. Rdc1 Rxc4 25. Rxc4 Rc8 26.
Rxc8+ Qxc8 27. h4 Kf7 28. Ng5+ Kg8 29. Ne4 Bd5 30. a3 Qc6 31. f3 Bxe4 32. Qxe4
Qxe4 33. fxe4 Kf7 34. Kf2 Ke7 35. e5 f5 36. Kf3 Kd7 37. g4 g6 38. g5 Kc6 39.
Ke3 Kd5 40. Kd3 f4 41. Ke2 Kxd4 42. Kf3 Kxe5 43. a4 Kf5 44. a5 e5 45. Ke2 e4
46. Kd2 Kg4 47. Kc3 f3 {#R} 0-1

[Event "Idaho Closed"]
[Site "Twin Falls, ID"]
[Date "2011.02.19"]
[Round "2.13"]
[White "Porth, Dylan"]
[Black "Connor, Kitt D"]
[Result "0-1"]
[WhiteElo "592"]
[BlackElo "1021"]

1. e4 c6 2. d3 d5 3. Nc3 d4 4. Nce2 e5 5. Nf3 Bd6 6. Ng5 h6 7. Nf3 Bg4 8. h3
Bxf3 9. gxf3 Nf6 10. Rg1 Rg8 11. f4 Nbd7 12. fxe5 Bxe5 13. Nf4 Qc7 14. Bd2
Bxf4 15. Bxf4 Qxf4 16. Qe2 O-O-O 17. Bg2 Rge8 18. h4 Nb6 19. Bh3+ Kb8 20. Rxg7
Nxe4 21. dxe4 Rxe4 22. Qxe4 Qxe4+ 23. Kf1 Qh1+ 24. Rg1 Qxh3+ 25. Ke1 d3 26.
cxd3 Qxd3 27. f3 Qxf3 28. Rf1 Re8+ 29. Kd2 Qe2+ 30. Kc1 Rd8 31. Rh1 Nc4 32. h5
Qxb2# 0-1

[Event "Idaho Closed"]
[Site "Twin Falls, ID"]
[Date "2011.02.20"]
[Round "3.13"]
[White "Seekamp III, John Edwin"]
[Black "Porth, Desmond"]
[Result "1-0"]
[WhiteElo "786"]
[BlackElo "714"]

1. e4 c6 2. d4 d5 3. e5 Bf5 4. Nc3 e6 5. Nf3 Bb4 6. Bg5 f6 7. exf6 gxf6 8. Bf4
Nd7 9. a3 Bxc3+ 10. bxc3 Ne7 11. Bd3 Bg4 12. Qe2 Qa5 13. O-O Qxc3 14. h3 Bh5
15. Qxe6 Bxf3 16. Bd6 Kf8 17. gxf3 Re8 18. Rae1 Kg7 19. Qg4+ Ng6 20. Qxd7+ Kh6
21. Rxe8 Rxe8 22. Qxe8 Qxd4 23. Qe3+ Qxe3 24. fxe3 b5 25. Bxg6 Kxg6 26. e4 d4
27. Rd1 Kf7 28. Rxd4 Ke6 29. Bc5 a6 30. Rd6+ Ke5 31. Rxc6 Kf4 32. Rxf6+ Kg5
33. Rf8 Kh4 34. e5 {#r} 1-0

[Event "Idaho Closed"]
[Site "Twin Falls, ID"]
[Date "2011.02.20"]
[Round "4.10"]
[White "Patterson, Kevin R"]
[Black "Porth, Dylan"]
[Result "1-0"]
[WhiteElo "1247"]
[BlackElo "592"]

1. e4 e5 2. d4 d6 3. dxe5 dxe5 4. Qxd8+ Kxd8 5. Nc3 Bb4 6. Bd2 Nc6 7. O-O-O
Bg4 8. f3 Be6 9. Bh6+ Nd4 10. Bxg7 f6 11. Bxh8 Bf8 12. Nge2 Bc5 13. Nxd4 exd4
14. Ne2 Bc4 15. Nxd4 Bxf1 16. Rhxf1 Ne7 17. Ne6+ Ke8 18. Nxc7+ Kf7 19. Nxa8
Be3+ 20. Kb1 Nc6 21. Rd7+ Kg6 22. Rxb7 Nd8 23. Rxa7 Bxa7 24. Rd1 Nc6 25. Rd6
Ne5 26. Bxf6 Nc4 27. Bd4+ Nxd6 28. Bxa7 Nc4 29. Nc7 Nd2+ 30. Kc1 Nf1 31. b4
Nxh2 32. b5 Nf1 33. b6 Ne3 34. b7 Nc4 35. b8=Q Nd6 36. Qb6 Kf6 37. Qxd6+ Kg5
38. Be3+ Kh4 39. Qf6+ Kh5 40. Qg5# 1-0

[Event "Idaho Closed"]
[Site "Twin Falls, ID"]
[Date "2011.02.20"]
[Round "4.14"]
[White "Hamilton, Brett B"]
[Black "Porth, Desmond"]
[Result "1-0"]
[WhiteElo "1951"]
[BlackElo "714"]

1. e4 c6 2. d4 d5 3. e5 Bf5 4. f4 e6 5. Nf3 Nd7 6. Bd3 Bxd3 7. Qxd3 f6 8. O-O
Qc7 9. Re1 O-O-O 10. c4 c5 11. Nc3 Nb6 12. Nb5 Qb8 13. b3 a6 14. Nc3 Qc7 15.
Be3 Nh6 16. Rac1 Nf5 17. Bf2 Kb8 18. cxd5 Nxd5 19. Nxd5 Rxd5 20. Qe4 b6 21.
exf6 gxf6 22. Qxe6 Qd6 23. dxc5 Qxe6 24. Rxe6 bxc5 25. Rxf6 Bd6 26. Ne5 Rc8
27. Rxf5 Rd2 28. Nc4 Rxa2 29. Nxd6 Rd8 30. Bxc5 Kc7 31. Rd5 Kc6 32. Rd3 Rg8
33. g3 Rb2 34. Ba3+ Kd7 35. Bxb2 Ke7 36. Re1+ {#r} 1-0

[Event "Idaho Closed"]
[Site "Twin Falls, ID"]
[Date "2011.02.21"]
[Round "6.12"]
[White "Porth, Desmond"]
[Black "Porth, Dylan"]
[Result "1-0"]
[WhiteElo "714"]
[BlackElo "592"]

1. d4 d5 2. e3 Nf6 3. Bd3 Bg4 4. Nf3 e6 5. Nbd2 Nc6 6. Qe2 Nb4 7. O-O Bd6 8.
b3 O-O 9. h3 Bxf3 10. Qxf3 h6 11. Bb2 c5 12. e4 cxd4 13. Bxd4 e5 14. Bc3 Nxd3
15. Qxd3 dxe4 16. Nxe4 Nxe4 17. Qxe4 Re8 18. Rad1 Qc7 19. Bb4 Re6 20. c4 Qb6
21. Bc3 Qc6 22. Qg4 Bc5 23. Rd5 Bb6 24. Rxe5 Rxe5 25. Bxe5 Rd8 26. Qxg7# 1-0

[Event "ICU MVCC Ch (Challenger)"]
[Site "Twin Falls, ID"]
[Date "2011.03.26"]
[Round "1.4"]
[White "Porth, Desmond"]
[Black "Dalesandro, David"]
[Result "0-1"]
[WhiteElo "1000"]
[BlackElo "1000"]

1. d4 d5 2. e3 e6 3. Nf3 Bd6 4. Bd3 Nf6 5. Nbd2 O-O 6. Qe2 b6 7. h3 c5 8. dxc5
bxc5 9. b3 Nc6 10. e4 Qc7 11. Bb2 d4 12. Nc4 e5 13. c3 Be6 14. Nxd6 Qxd6 15.
O-O Ne7 16. b4 c4 17. Bxc4 Ng6 18. Bxe6 Nf4 19. Qc2 Qxe6 20. cxd4 Rfc8 21. Qb3
Qxb3 22. axb3 Rc2 23. Rfb1 Nxe4 24. dxe5 Nxf2 25. Nd4 Rd2 26. b5 N2d3 27. Ba3
Re8 28. Kf1 Rf2+ 29. Kg1 Rxg2+ 30. Kf1 Rxe5 31. Bd6 Rf2+ 32. Kg1 Rg5+ 33. Kh1
Rd2 34. Rf1 Nxh3 35. Rxa7 h6 36. b6 Nhf2+ 37. Rxf2 Nxf2+ 38. Kh2 Ne4+ 39. Kh3
Nxd6 40. Nf3 Rd3 41. Kh2 Rxf3 42. Rd7 Nf5 43. b7 Rxb3 44. Rd8+ Kh7 45. b8=Q
Rxb8 46. Rxb8 Nh4 47. Kh3 Ng6 48. Rb4 f5 49. Rc4 f4 50. Rc3 Ne5 51. Rf3 Rh5+
52. Kg2 Nxf3 53. Kxf3 Rh4 54. Kg2 g5 55. Kf3 Kg6 56. Kg2 Kf5 57. Kg1 Rh3 58.
Kg2 g4 59. Kg1 f3 60. Kf2 Kf4 61. Kg1 g3 62. Kf1 Rh1# 0-1

[Event "ICU MVCC Ch (Challenger)"]
[Site "Twin Falls, ID"]
[Date "2011.03.26"]
[Round "2.3"]
[White "Clark, Riley"]
[Black "Porth, Desmond"]
[Result "0-1"]
[WhiteElo "1000"]
[BlackElo "1000"]

1. e4 e5 2. Nf3 Nc6 3. Nc3 Bc5 4. Bc4 Nf6 5. O-O d6 6. d3 Bg4 7. h3 Bh5 8. Bd2
Nd4 9. Be3 Nxf3+ 10. gxf3 Bd4 11. Bxd4 exd4 12. Nb5 d5 13. exd5 Nxd5 14. Nxd4
Qg5+ 15. Kh1 O-O 16. b3 Nf4 17. Nb5 Qg2# 0-1

[Event "ICU MVCC Ch (Challenger)"]
[Site "Twin Falls, ID"]
[Date "2011.03.27"]
[Round "3.3"]
[White "Porth, Desmond"]
[Black "Breault, Chuck"]
[Result "1-0"]
[WhiteElo "1000"]
[BlackElo "1000"]

1. d4 d5 2. e3 Nf6 3. Nf3 Bf5 4. Nbd2 Nc6 5. c4 Nb4 6. Qa4+ Nc6 7. b3 e6 8.
Ne5 Bd6 9. Nxc6 bxc6 10. Qxc6+ Ke7 11. c5 Qd7 12. cxd6+ cxd6 13. Bb5 Qxc6 14.
Bxc6 Rab8 15. Ba3 Rhc8 16. Ba4 g6 17. O-O Rc2 18. Rfd1 Rb6 19. e4 Nxe4 20.
Nxe4 Bxe4 21. f3 Bf5 22. Rdc1 Rxc1+ 23. Rxc1 g5 24. Rc7+ Kf8 25. Rxa7 Kg7 26.
g4 Bd3 27. Kf2 Rb8 28. Bxd6 Rf8 29. Bxf8+ Kxf8 30. b4 Kg7 31. b5 Bxb5 32. Bxb5
Kf6 33. a4 Kg6 34. a5 h5 35. gxh5+ Kxh5 36. Rxf7 e5 37. dxe5 d4 38. a6 Kh4 39.
a7 Kh3 40. Rh7# 1-0

[Event "ICU MVCC Ch (Challenger)"]
[Site "Twin Falls, ID"]
[Date "2011.03.27"]
[Round "4.2"]
[White "Bruck, Nick Jon"]
[Black "Porth, Desmond"]
[Result "0-1"]
[WhiteElo "1101"]
[BlackElo "1000"]

1. Nf3 Nc6 2. c4 Nf6 3. e3 g6 4. Nc3 e6 5. d4 Bb4 6. Bd2 d5 7. c5 O-O 8. a3
Bxc3 9. Bxc3 Qe7 10. Bd3 Ne4 11. Bxe4 dxe4 12. Nd2 f5 13. b4 e5 14. dxe5 Nxe5
15. Bxe5 Qxe5 16. Qb3+ Be6 17. Qd1 b6 18. cxb6 axb6 19. O-O Rfd8 20. Qe2 b5
21. f4 Qc3 22. Rfd1 Rd3 23. Kf2 Rxa3 24. Rxa3 Qxa3 25. Nb1 Qb3 26. Rxd3 exd3
27. Qe1 Qb2+ 28. Kf1 Bc4 29. Nd2 Qxb4 30. e4 fxe4 31. Nxe4 d2+ {#R} 0-1

[Event "Idaho Open (Reserve)"]
[Site "Pocatello, ID"]
[Date "2011.04.16"]
[Round "2.4"]
[White "Hollingsworth, Gary M"]
[Black "Porth, Desmond"]
[Result "1-0"]
[WhiteElo "1277"]
[BlackElo "715"]

1. d4 d5 2. c4 dxc4 3. Nf3 Nf6 4. Bg5 e6 5. e4 h6 6. Bxf6 Qxf6 7. Bxc4 Bb4+ 8.
Nc3 Nc6 9. a3 Bxc3+ 10. bxc3 e5 11. Rb1 Bg4 12. Bb5 O-O 13. Bxc6 Qxc6 14. Qd3
Bxf3 15. Qxf3 exd4 16. cxd4 Qc4 17. Rb4 Qc1+ 18. Qd1 Qxa3 19. Rxb7 Qa5+ 20.
Qd2 Qa1+ 21. Qd1 Qxd1+ 22. Kxd1 Rfc8 23. Ke2 a5 24. Ra1 c5 25. Rb5 cxd4 26.
Rbxa5 Rxa5 27. Rxa5 Rc2+ 28. Kf3 d3 29. Ke3 d2 30. Rd5 Rc3+ 31. Kxd2 Rb3 32.
Ke2 g5 33. Rd3 Rxd3 34. Kxd3 Kg7 35. Ke3 Kg6 36. f4 g4 37. Kf2 f5 38. e5 Kf7
39. h3 h5 40. Kg3 gxh3 41. Kxh3 Kg6 42. Kh4 Kh6 43. e6 Kg6 44. e7 Kf7 45.
e8=Q+ Kxe8 46. Kg5 Kf7 47. Kxf5 h4 48. Kg4 Kf6 49. Kxh4 Kf5 50. g3 Kg6 51. Kg4
Kf6 52. f5 Kg7 53. Kg5 Kh7 54. Kf6 Kg8 55. Ke7 Kg7 56. f6+ Kg8 57. f7+ Kh7 58.
f8=Q Kg6 59. Qf6+ Kh5 60. Kf7 Kg4 61. Ke6 Kxg3 62. Ke5 Kg4 63. Qf5+ Kh4 64.
Ke4 Kg3 65. Qf4+ Kh3 66. Ke3 Kg2 67. Qf3+ Kg1 68. Ke2 Kh2 69. Qg4 Kh1 70. Kf1
Kh2 71. Qg2# 1-0

[Event "Idaho Open (Reserve)"]
[Site "Pocatello, ID"]
[Date "2011.04.16"]
[Round "3.6"]
[White "Porth, Desmond"]
[Black "Hendrix, Miles Perry"]
[Result "0-1"]
[WhiteElo "715"]
[BlackElo "1085"]

1. d4 d5 2. e3 Nf6 3. Bd3 c5 4. b3 Nc6 5. Nf3 Bg4 6. Bb5 Qa5+ 7. Nbd2 Qxb5 8.
c4 Qa5 9. O-O e5 10. Qc2 Bxf3 11. gxf3 Bd6 12. Kh1 exd4 13. exd4 Nxd4 14. Qd3
Qc7 15. Rg1 O-O 16. cxd5 Bxh2 17. Rg2 Bf4 18. Ne4 Nxe4 19. Qxe4 Bxc1 20. Rxc1
Rfe8 21. Qh4 Qe5 22. Qh6 Nxf3 23. Rg3 Qxg3 24. fxg3 gxh6 25. Rxc5 Rac8 26. Rb5
Re2 27. a4 Rc1# 0-1

[Event "SIO (Reserve)"]
[Site "Twin Falls, ID"]
[Date "2011.11.12"]
[Round "1.2"]
[White "Vereshchagin, Aleksandr"]
[Black "Porth, Desmond"]
[Result "0-1"]
[WhiteElo "1281"]
[BlackElo "765"]

1. e4 c6 2. Nf3 d5 3. e5 Bf5 4. d4 e6 5. c3 Nd7 6. Bd3 Bxd3 7. Qxd3 c5 8. dxc5
Bxc5 9. Nbd2 Qb6 10. O-O Ne7 11. b4 Nxe5 12. Nxe5 Bd6 13. Ndf3 Ng6 14. Re1 Qc7
15. Qb5+ Ke7 16. Nxg6+ hxg6 17. Qd3 Bxh2+ 18. Kf1 Rac8 19. Bd2 e5 20. Qxd5 f6
21. Rac1 Qc4+ 22. Qxc4 Rxc4 23. Rc2 Bf4 24. Be3 Bxe3 25. Rxe3 e4 26. Nd2 Rh1+
27. Ke2 Rc7 28. Rxe4+ Kf7 29. Rc4 Re7+ 30. Kf3 g5 31. Ne4 f5 32. Nxg5+ Kg6 33.
Nh3 Kh5 34. Re2 Rd7 35. Rd4 Rc7 36. c4 g5 37. g4+ fxg4+ 38. Rxg4 Rxh3+ 39. Rg3
g4+ 40. Kg2 Rxg3+ 41. Kxg3 Rxc4 42. Re5+ Kg6 43. a3 Rc3+ 44. Re3 Rxe3+ 45.
fxe3 Kf5 46. Kf2 Ke4 47. Ke2 g3 48. Kf1 Kf3 49. e4 Kxe4 50. Ke2 g2 51. Kf2 Kd3
52. Kxg2 {(The rest of the moves were not recorded, Black being under 5
minutes.)} {#R} 0-1

[Event "SIO (Reserve)"]
[Site "Twin Falls, ID"]
[Date "2011.11.12"]
[Round "2.2"]
[White "Porth, Desmond"]
[Black "Ness, Kevin D"]
[Result "1/2-1/2"]
[WhiteElo "765"]
[BlackElo "1304"]

1. d4 d5 2. Nf3 Nf6 3. e3 Bg4 4. Nbd2 a6 5. h3 Bh5 6. Bd3 Nc6 7. O-O Bg6 8.
Qe2 e6 9. a3 Bd6 10. b3 e5 11. Bxg6 hxg6 12. Bb2 Qe7 13. Rfe1 e4 14. Ne5 Nxe5
15. dxe5 Bxe5 16. Bxe5 Qxe5 17. Rac1 O-O-O 18. c4 Qg5 19. cxd5 Rxh3 20. Qc4
Rd7 21. Nxe4 Rh1+ 22. Kxh1 Qh4+ 23. Kg1 Ng4 24. f3 Qh2+ 25. Kf1 Qh1+ 26. Ke2
Qxg2+ 27. Kd1 Qxf3+ 28. Kc2 Nxe3+ 29. Rxe3 Qxe3 30. Kb1 b5 31. Qc2 Qb6 32. Qc5
Qxc5 33. Nxc5 Rd6 34. Rh1 Rxd5 35. Rh8+ Rd8 36. Rxd8+ Kxd8 37. Nxa6 f5 38. a4
bxa4 39. bxa4 f4 40. Nc5 f3 41. Ne4 Kd7 42. Kc1 g5 43. Kd1 g4 44. Ke1 Kc6 45.
Kf2 Kd5 46. Nc3+ Kc4 47. Ne4 Kb4 48. Kg3 Kxa4 49. Kxg4 f2 50. Nxf2 c5 51. Ne4
c4 52. Kg5 {#d} 1/2-1/2

[Event "SIO (Reserve)"]
[Site "Twin Falls, ID"]
[Date "2011.11.12"]
[Round "4.2"]
[White "Simonson, Jay L"]
[Black "Porth, Desmond"]
[Result "0-1"]
[WhiteElo "627"]
[BlackElo "765"]

1. e4 c6 2. d4 d5 3. e5 Bf5 4. Nf3 e6 5. Bf4 Nd7 6. Nc3 c5 7. Bb5 a6 8. Bxd7+
Qxd7 9. O-O cxd4 10. Nxd4 Bc5 11. Na4 Qxa4 12. Qd2 Bxd4 13. c3 Ba7 14. Rac1
Ne7 15. a3 O-O 16. Bg5 Ng6 17. Rfe1 Qc6 18. h3 h6 19. Be3 Bxe3 20. Qxe3 d4 21.
cxd4 Qd5 22. Rc5 Qd7 23. Rec1 Rac8 24. R1c4 Rxc5 25. Rxc5 b6 26. Rc3 Qb7 27.
Qg3 Qe4 28. Qe3 Qxe3 29. Rxe3 Rd8 30. Rc3 Rxd4 31. Rc8+ Kh7 32. Rc6 Nxe5 33.
Rxb6 Bd3 34. b4 g5 35. a4 Bc4 36. b5 axb5 37. axb5 g4 38. h4 g3 39. fxg3 Ng4
40. Ra6 Rd1# 0-1

[Event "WIO (Reserve)"]
[Site "Boise, ID"]
[Date "2011.12.10"]
[Round "1.1"]
[White "Porth, Desmond"]
[Black "Lang, Jamie"]
[Result "0-1"]
[WhiteElo "765"]
[BlackElo "1342"]

1. d4 d5 2. Nf3 Nf6 3. e3 Bg4 4. Nbd2 e6 5. Bd3 c5 6. b3 Nc6 7. a3 cxd4 8.
exd4 Nxd4 9. h3 Bxf3 10. Nxf3 Nc6 11. Bb2 Bc5 12. b4 Bb6 13. Qe2 O-O 14. O-O
Re8 15. Rad1 a6 16. c4 d4 17. c5 Ba7 18. Bc2 e5 19. Rfe1 Qc7 20. Be4 Nxe4 21.
Qxe4 Rad8 22. Ng5 g6 23. Qf3 f5 24. Bc1 Kg7 25. Qb3 Qe7 26. b5 axb5 27. Qxb5
Bxc5 28. g3 h6 29. Nf3 Rb8 30. Rd3 Qf8 31. Nd2 e4 32. Rb3 e3 33. fxe3 dxe3 34.
Nc4 e2+ 35. Be3 Bxe3+ 36. Rxe3 Rxe3 37. Nxe3 Qxa3 38. Rxe2 Qa6 39. Qxa6 bxa6
40. Nd5 a5 41. Ra2 Ra8 42. Nc7 Ra7 43. Nb5 Ra8 44. Nc7 Ra7 45. Nb5 Ra8 46. Nc3
Nb4 47. Ra4 Nd3 48. Ra1 Nc5 49. Nd5 a4 50. Nb6 Ra5 51. Nc4 Ra7 52. Nb2 a3 53.
Nc4 a2 54. Ne3 Nb3 55. Rd1 a1=Q 56. Rxa1 Rxa1+ 57. Kf2 Ra2+ 58. Kf3 h5 59. Nd5
Rd2 60. Nc3 Rd3+ 61. Kf2 Rxc3 62. Kg2 g5 63. Kf2 f4 64. gxf4 gxf4 65. h4 f3
66. Kf1 Nd2+ 67. Kf2 Ne4+ 68. Kf1 f2 69. Ke2 Rh3 70. Kf1 Rxh4 71. Kg2 Rg4+ 72.
Kf1 Rg1+ 73. Ke2 f1=Q+ {#R} 0-1

[Event "WIO (Reserve)"]
[Site "Boise, ID"]
[Date "2011.12.10"]
[Round "1.3"]
[White "Porth, Dylan"]
[Black "Patterson, Kevin R"]
[Result "0-1"]
[WhiteElo "525"]
[BlackElo "1192"]

1. e4 d6 2. d3 g6 3. Nf3 Bg7 4. Bf4 Nf6 5. Be2 Nh5 6. Bd2 Bxb2 7. Bc3 Bxa1 8.
Bxh8 Bxh8 9. O-O Be6 10. Nc3 Bxc3 11. Qb1 b6 12. d4 Nf6 13. Bb5+ Bd7 14. Bc4
e6 15. Bd3 Nc6 16. Qb3 Bxd4 17. Nxd4 Nxd4 18. Qc3 Nc6 19. Re1 e5 20. Qb3 Qe7
21. Ba6 Bc8 22. Bb5 Bb7 23. Qc3 Qd7 24. Qb2 a6 25. Bd3 O-O-O 26. Qa3 Nb8 27.
f3 d5 28. exd5 Qxd5 29. Rd1 Qc5+ 30. Qxc5 bxc5 31. Be2 Rxd1+ 32. Bxd1 Nc6 33.
c4 Kd7 34. Ba4 Kd6 35. Kf2 Nd7 36. Bc2 Nb6 37. Ke3 Na5 38. Bd3 Nbxc4+ 39. Ke2
f6 40. g4 Ke6 41. h4 Nd6 42. h5 gxh5 43. gxh5 h6 44. Ke3 Nac4+ 45. Ke2 f5 46.
f4 exf4 47. Kf2 Ke5 48. a4 Nb2 49. Bc2 f3 50. a5 Be4 51. Bb3 c4 52. Ba2 c3 53.
Ke1 c2 54. Kd2 f2 55. Ke2 c1=Q 56. Kxf2 Nd3+ 57. Ke2 Qe1# 0-1

[Event "WIO (Reserve)"]
[Site "Boise, ID"]
[Date "2011.12.10"]
[Round "3.4"]
[White "Porth, Desmond"]
[Black "Featherston, Scott"]
[Result "1-0"]
[WhiteElo "765"]
[BlackElo "811"]

1. e4 c5 2. Bc4 Nc6 3. Nf3 e5 4. d3 Qa5+ 5. Nc3 Nf6 6. Bd2 Qb6 7. b3 h6 8. O-O
d6 9. Bd5 Nd8 10. Qe2 a6 11. Be3 Bg4 12. Rab1 Qa5 13. Bd2 Qc7 14. h3 Bxf3 15.
Qxf3 Be7 16. a3 Rb8 17. Rfe1 b5 18. b4 O-O 19. Ba2 c4 20. dxc4 bxc4 21. Qe2
Rc8 22. a4 Ne6 23. Be3 Qb7 24. Bxc4 Nd4 25. Bxd4 exd4 26. Nd5 Bd8 27. Nxf6+
Bxf6 28. Ba2 Rfe8 29. Bc4 Ra8 30. Bd5 Qb6 31. Bxa8 Rxa8 32. b5 axb5 33. Qxb5
Qxb5 34. axb5 Ra2 35. b6 Be5 36. b7 d5 37. b8=Q+ Bxb8 38. Rxb8+ Kh7 39. exd5
Rxc2 40. d6 d3 41. Rd1 d2 42. Rbb1 Kg6 43. d7 Kf5 44. d8=Q Ke4 45. Rxd2 {#r}
1-0

[Event "WIO (Reserve)"]
[Site "Boise, ID"]
[Date "2011.12.11"]
[Round "5.4"]
[White "Featherston, Scott"]
[Black "Porth, Dylan"]
[Result "1-0"]
[WhiteElo "811"]
[BlackElo "525"]

1. e4 e5 2. Bc4 Nf6 3. Qf3 d6 4. h3 Nc6 5. Ne2 Be7 6. Nbc3 O-O 7. a3 a6 8. d3
Bd7 9. g4 Na5 10. Ba2 Bc6 11. Ng3 Qc8 12. Nf5 Qd8 13. h4 g6 14. Ne3 h5 15.
gxh5 Nxh5 16. Rg1 Bxh4 17. Qxh5 Qf6 18. Ncd1 Bd7 19. Ng4 Bxg4 20. Rxg4 Qd8 21.
Bh6 Re8 22. Bxf7+ Kxf7 23. Qxg6+ Ke7 24. Qg7+ Ke6 25. Rg6+ Bf6 26. Bg5 Rh8 27.
Rxf6+ Qxf6 28. Bxf6 Rh1+ 29. Ke2 Rh3 30. Qe7# 1-0

[Event "WIO (Reserve)"]
[Site "Boise, ID"]
[Date "2011.12.11"]
[Round "5.5"]
[White "Porth, Desmond"]
[Black "Patterson, Katie Rae"]
[Result "1/2-1/2"]
[WhiteElo "765"]
[BlackElo "911"]

1. d4 d5 2. Nf3 Nc6 3. e3 Nf6 4. Bd3 g6 5. Nbd2 Bg4 6. a3 Bg7 7. h3 Bxf3 8.
Nxf3 O-O 9. b3 a6 10. Bb2 b6 11. Qe2 Qc8 12. O-O Re8 13. c4 dxc4 14. Bxc4 b5
15. Bd3 e6 16. Rac1 Qb7 17. e4 Nh5 18. e5 Nf4 19. Qe4 Nxd3 20. Qxd3 Bh6 21.
Rc2 Red8 22. Qe4 Qb6 23. Qxc6 Qa7 24. Qxc7 Qxc7 25. Rxc7 Rac8 26. Rc5 Kf8 27.
Bc1 Bxc1 28. Rfxc1 Rb8 29. b4 Ke7 30. Rc7+ Rd7 31. Rxd7+ Kxd7 32. Ng5 Rc8 33.
Rxc8 Kxc8 34. Nxf7 h5 35. f4 h4 36. Kf2 Kd7 37. Ng5 a5 38. bxa5 Kc7 39. Nxe6+
Kb7 40. Nc5+ Ka7 41. e6 Kb8 42. e7 Ka7 43. Nb7 b4 44. axb4 g5 45. e8=Q g4 46.
Nc5 g3+ 47. Kf3 {#d} 1/2-1/2

[Event "Idaho Closed"]
[Site "Boise, ID"]
[Date "2012.02.18"]
[Round "1.8"]
[White "Porth, Desmond"]
[Black "Booth, Tom R"]
[Result "0-1"]
[WhiteElo "765"]
[BlackElo "1669"]

1. d4 e6 2. Nf3 d5 3. e3 Nf6 4. Bd3 Nbd7 5. Nbd2 c5 6. b3 cxd4 7. exd4 Bb4 8.
O-O O-O 9. a3 Bc3 10. Ra2 Re8 11. Bb2 Bxb2 12. Rxb2 a6 13. c4 e5 14. cxd5 e4
15. Nxe4 Nxe4 16. Qc2 Ndf6 17. Re1 Bf5 18. Nh4 Rc8 19. Bc4 Bg6 20. Nxg6 hxg6
21. Qd3 Nd6 22. Rbb1 b5 23. Bxb5 axb5 24. a4 b4 25. h3 Nxd5 26. Ra1 Rc3 27.
Qd1 Rxe1+ 28. Qxe1 Rxb3 29. a5 Ra3 30. Rxa3 bxa3 31. Qd2 Nc4 32. Qd3 Qxa5 33.
Qxc4 a2 34. Qxa2 Qxa2 35. Kh2 Qxf2 36. Kh1 Nf4 37. g3 Qg2# 0-1

[Event "Idaho Closed"]
[Site "Boise, ID"]
[Date "2012.02.19"]
[Round "3.10"]
[White "Porth, Desmond"]
[Black "Lundy III, George"]
[Result "0-1"]
[WhiteElo "765"]
[BlackElo "1567"]

1. d4 g6 2. Nf3 Bg7 3. e3 d5 4. Bd3 Nc6 5. a3 e5 6. dxe5 Nxe5 7. Nbd2 Bg4 8.
h3 Nxd3+ 9. cxd3 Bf5 10. d4 Bd3 11. b4 c6 12. Qb3 Bf5 13. O-O Nf6 14. Bb2 Ne4
15. Rad1 O-O 16. Rfe1 Bf6 17. Ne5 Bh4 18. g3 Nxg3 19. fxg3 Bxg3 20. Re2 Bxh3
21. Ndf3 f6 22. Nd3 g5 23. Nf2 Be6 24. Rc1 g4 25. Nd2 f5 26. Kf1 h5 27. Nh1
Qd6 28. Rg2 f4 29. exf4 Rxf4+ 30. Ke2 Bh4 31. Rf1 Raf8 32. Bc1 Qe7 33. Qe3
Rxf1 34. Nxf1 Bf7 35. Qxe7 Bxe7 36. Nfg3 Bg6 37. Nf2 Bf6 38. Bb2 h4 39. Nxg4
hxg3 40. Nxf6+ Rxf6 41. Rxg3 Kf7 42. Re3 Bh5+ 43. Kd3 Rf2 44. Kc3 Bg6 45. Kb3
Be4 46. a4 Bc2+ 47. Ka3 Bxa4 48. Kxa4 Rxb2 49. Rf3+ Ke6 50. Re3+ Kf5 51. Re8
Rd2 52. Rb8 b5+ 53. Ka5 Ra2# 0-1